| 000 | 00848nam a2200265 a 4500 | ||
|---|---|---|---|
| 001 | 67187 | ||
| 003 | BD-RjUL | ||
| 005 | 20211209081626.0 | ||
| 008 | 170322s1954 ii fa 001 0 eng | ||
| 020 | _cRs100.00 | ||
| 035 | _a(BD-RjUL)67318 | ||
| 040 |
_aDLC _cDLC _dBD-RjUL _beng |
||
| 041 | _aeng | ||
| 082 | 0 | 0 |
_a582.0954 _223 _bBOS 1954 |
| 100 | 1 |
_aBor, N. L. _q(Norman Loftus) _9199027 |
|
| 245 | 1 | 0 |
_aSome beautiful Indian climbers and shrubs / _cN.L. Bor and M.B. Raizada. |
| 260 |
_aBombay : _bBombay Natural History Society, _c1954. |
||
| 300 |
_a286 p. : _bill. ; _c25 cm. |
||
| 500 | _aIncludes index. | ||
| 650 | 0 |
_aOrnamental shrubs _zIndia _xIdentification. _9199028 |
|
| 650 | 0 |
_aOrnamental climbing plants _zIndia _xIdentification. _9199029 |
|
| 700 | 1 |
_aRaizada, M. B. _9199030 |
|
| 942 |
_2ddc _cBK |
||
| 999 |
_c67187 _d67187 |
||